| 000 | 01022cam a2200289 i 4500 | ||
|---|---|---|---|
| 999 |
_c129719 _d129719 |
||
| 001 | 20763434 | ||
| 003 | ARRUPE | ||
| 005 | 20190819141500.0 | ||
| 008 | 181201s2018 za b 000 0 eng | ||
| 010 | _a 2018338743 | ||
| 020 |
_a9982241109 _qpaperback |
||
| 020 |
_a9789982241106 _qpaperback |
||
| 040 |
_aDLC _beng _erda _cDLC |
||
| 042 |
_apcc _alcode |
||
| 043 | _af-za--- | ||
| 050 | _aDT3113.K19 | ||
| 100 | 1 |
_aKashoki, Mubanga E., _eauthor. _919411 |
|
| 245 | 1 | 0 |
_aNation building in the context of 'one Zambia, one nation' / _cMuganga E. Kashoki. |
| 260 |
_aLusaka _bGadsden Publishers _c2018 |
||
| 300 |
_aiv, 89 pages ; _c22 cm |
||
| 504 | _aIncludes bibliographical references (pages 87-89). | ||
| 651 | 0 |
_aZambia _xPolitical aspects. _y1964- _947850 |
|
| 906 |
_a7 _bcbc _corigres _d3 _encip _f20 _gy-gencatlg |
||
| 942 |
_2lcc _cMONOGRAPH |
||